[Event "Let's Play Chess!"]
[Site "http://www.queenalice.com/game.php?id=302834"]
[Date "2007.11.12"]
[Round "-"]
[White "Augustodombosco"]
[Black "JCruz"]
[Result "0-1"]
[WhiteElo "1646"]
[BlackElo "2000"]

1. e4 c5 2. f4 d6 3. Nf3 Nc6 4. Bb5 Bd7 5. O-O Nf6 6. Nc3 e5 7. d3 exf4 8. Bxf4
a6 9. Bxc6 Bxc6 10. e5 dxe5 11. Nxe5 Bd5 12. Qe2 Be6 13. Rae1 Be7 14. Qf3 Ra7
15. Ne4 O-O 16. Bg5 Nxe4 17. Bxe7 Qxe7 18. Qxe4 Qd6 19. Nc4 Qc7 20. Ne5 Raa8 21.
a3 Rfe8 22. Nf3 f6 23. Nd2 Rad8 24. b4 cxb4 25. axb4 Qxc2 26. Nf3 Qxd3 27. Qxb7
Bd5 28. Qb6 Bxf3 29. Rxf3 Rxe1+ 0-1

[Event "Challenge"]
[Site "http://www.queenalice.com/game.php?id=302847"]
[Date "2007.11.12"]
[Round "-"]
[White "Danado"]
[Black "JCruz"]
[Result "0-1"]
[WhiteElo "1555"]
[BlackElo "1998"]

1. e4 c5 2. Bc4 d6 3. Qf3 Nf6 4. Ne2 Nc6 5. Bb5 Bd7 6. Bxc6 Bxc6 7. Nbc3 e6 8.
d3 Qb6 9. O-O Be7 10. Bg5 Qxb2 11. Rac1 Nxe4 12. Nxe4 Bxg5 13. Rce1 Be7 14. Qg3
d5 15. N4c3 Bf6 16. Nd1 Qxc2 17. Ne3 Qxd3 18. Nc1 Qg6 19. Qxg6 hxg6 20. h3 d4
21. Ng4 Bb5 0-1

[Event "AUTO-ADV-548"]
[Site "http://www.queenalice.com/game.php?id=311006"]
[Date "2007.11.27"]
[Round "2"]
[White "Malcomx"]
[Black "JCruz"]
[Result "0-1"]
[WhiteElo "1741"]
[BlackElo "2012"]

1. d4 d5 2. c4 c6 3. Nc3 e6 4. e3 Nf6 5. Nf3 Bd6 6. Bd3 O-O 7. O-O Nbd7 8. Re1
dxc4 9. Bxc4 e5 10. dxe5 Nxe5 11. Nxe5 Bxe5 12. Qb3 b5 13. Be2 Qc7 14. Rd1 Bxh2+
15. Kf1 Be6 16. Qc2 Rad8 17. b3 b4 18. Na4 Rxd1+ 19. Bxd1 Be5 20. Bb2 Bxb2 21.
Qxb2 Qh2 22. Bf3 Bg4 23. Ke2 Qxg2 24. Bxg4 Nxg4 25. Rf1 Re8 0-1

[Event "AUTO-ADV-548"]
[Site "http://www.queenalice.com/game.php?id=311007"]
[Date "2007.11.27"]
[Round "2"]
[White "JCruz"]
[Black "Malcomx"]
[Result "1-0"]
[WhiteElo "2017"]
[BlackElo "1726"]

1. d4 d5 2. c4 Nf6 3. Nc3 c5 4. dxc5 d4 5. Na4 Nc6 6. a3 e5 7. b4 Be6 8. Qc2 g6
9. Bb2 Bg7 10. g3 O-O 11. Bg2 Qc7 12. Nf3 Rad8 13. O-O Bf5 14. Qc1 Rfe8 15. Re1
e4 16. Nd2 d3 17. Ra2 dxe2 18. Rxe2 Nd4 19. Re1 Nf3+ 20. Nxf3 exf3 21. Rxe8+
Rxe8 22. Bxf3 Bh3 23. Nc3 Qe5 24. Ne2 Qe7 25. Bd4 Ne4 26. Bxg7 Kxg7 27. Nf4 Ng5
28. Qc3+ Kg8 29. Re2 Nxf3+ 30. Qxf3 Qd7 31. Rxe8+ Qxe8 32. Nxh3 Qe1+ 33. Kg2 1-0

[Event "AUTO-ADV-548"]
[Site "http://www.queenalice.com/game.php?id=311012"]
[Date "2007.11.27"]
[Round "2"]
[White "anandya"]
[Black "JCruz"]
[Result "0-1"]
[WhiteElo "1903"]
[BlackElo "2021"]

1. e4 c5 2. Bc4 e6 3. d3 Nc6 4. Nf3 Na5 5. Bb3 Nxb3 6. axb3 Ne7 7. Be3 Nc6 8.
O-O d6 9. Nc3 Bd7 10. d4 cxd4 11. Bxd4 a6 12. e5 d5 13. Ne2 Rc8 14. c3 Be7 15.
b4 O-O 16. Nf4 Nxd4 17. Nxd4 Rc4 18. Nh5 Qc7 19. Re1 Qd8 20. Re3 g6 21. Nf4 Bg5
22. Rf3 Bxf4 23. Rxf4 Qg5 24. Rg4 Qxe5 25. Nf3 Qc7 26. Rd4 Bb5 27. Qd2 Rc8 28.
Qe3 Rxd4 29. Qxd4 Be2 30. Ne5 f5 31. Re1 Bb5 32. Nf3 Bd7 33. Ne5 Bc6 34. Nxc6
Qxc6 35. Qc5 Qxc5 36. bxc5 Rxc5 37. Rxe6 d4 38. h4 dxc3 39. bxc3 Rxc3 40. Rb6
Rc7 41. f3 f4 42. Kh2 Kg7 43. g4 fxg3+ 44. Kxg3 h5 45. Kf4 Kh6 46. Ke5 Rc5+ 47.
Kf6 Rc6+ 48. Rxc6 bxc6 49. f4 a5 50. Ke5 Kg7 51. Kd4 Kf6 52. Kc4 Kf5 53. Kc5
Kxf4 0-1

[Event "AUTO-ADV-548"]
[Site "http://www.queenalice.com/game.php?id=311013"]
[Date "2007.11.27"]
[Round "2"]
[White "JCruz"]
[Black "anandya"]
[Result "1-0"]
[WhiteElo "2002"]
[BlackElo "1854"]

1. d4 d5 2. c4 c6 3. Nf3 dxc4 4. e3 b5 5. a4 a6 6. b3 cxb3 7. axb5 cxb5 8. Bxb5+
Bd7 9. Bxd7+ Nxd7 10. Qxb3 e6 11. O-O Ngf6 12. Ba3 Be7 13. Bxe7 Qxe7 14. Qb7 O-O
15. Rxa6 Rxa6 16. Qxa6 Nd5 17. e4 Nf4 18. Rc1 Nb8 19. Qa2 Qb4 20. g3 Nd3 21. Rc3
Nxf2 22. Kxf2 h6 23. Rb3 Qc4 24. Nbd2 Qc7 25. d5 Qc5+ 26. Re3 exd5 27. exd5 Re8
28. Qa3 Rxe3 29. Qxc5 1-0

[Event "pajabraba69"]
[Site "http://www.queenalice.com/game.php?id=368539"]
[Date "2008.3.10"]
[Round "1"]
[White "cachoremaggi"]
[Black "JCruz"]
[Result "0-1"]
[WhiteElo "1583"]
[BlackElo "2032"]

1. e4 c5 2. Bc4 d6 3. Nf3 Nf6 4. O-O Nxe4 5. Re1 Nf6 6. Nc3 e6 7. Bb5+ Bd7 8.
Bxd7+ Qxd7 9. d4 cxd4 10. Nxd4 Be7 11. Be3 O-O 12. h4 e5 13. Nf3 Nc6 14. Ng5 d5
15. Nxd5 Qxd5 16. Qxd5 Nxd5 17. c4 Nxe3 18. Rxe3 Bxg5 19. hxg5 Rfd8 20. Rae1 Rd4
21. b3 Rg4 22. f4 Rxf4 23. Rf3 Rg4 24. Ref1 Nd4 25. Rxf7 Ne2+ 26. Kf2 Kxf7 27.
Kxe2+ Kg6 0-1

[Event "AUTO-ADV-548"]
[Site "http://www.queenalice.com/game.php?id=381539"]
[Date "2008.4.3"]
[Round "3"]
[White "JCruz"]
[Black "dante72"]
[Result "1-0"]
[WhiteElo "2051"]
[BlackElo "2080"]

1. d4 d5 2. c4 dxc4 3. e4 e6 4. Bxc4 Nc6 5. Ne2 Nf6 6. Nbc3 Bb4 7. f3 Bd7 8. a3
Bxc3+ 9. Nxc3 O-O 10. O-O h6 11. Bf4 Nh5 12. Be3 Ne7 13. Rc1 Ng6 14. e5 Ngf4 15.
g4 Nh3+ 16. Kg2 N5f4+ 17. Kg3 g5 18. Re1 f5 19. Bf1 fxg4 20. fxg4 h5 21. gxh5
Qe8 22. Ne4 Kh8 23. Nf6 Rxf6 24. exf6 e5 25. Bxh3 Nxh3 26. Rxc7 Qe6 27. Rxd7
Qxd7 28. dxe5 Qf5 29. Qg4 Qxg4+ 30. Kxg4 Nf4 31. Bxf4 gxf4 32. e6 Kg8 33. Kf5 f3
34. Kg6 f2 35. f7+ Kh8 36. e7 fxe1=Q 37. f8=Q+ Rxf8 38. exf8=Q# 1-0

[Event "AUTO-ADV-548"]
[Site "http://www.queenalice.com/game.php?id=381540"]
[Date "2008.4.3"]
[Round "3"]
[White "dante72"]
[Black "JCruz"]
[Result "0-1"]
[WhiteElo "2058"]
[BlackElo "2034"]

1. e4 c5 2. Bc4 e6 3. Nf3 Nf6 4. d3 d5 5. exd5 exd5 6. Bb3 Qe7+ 7. Qe2 Qxe2+ 8.
Kxe2 Be6 9. Re1 Bd6 10. h3 O-O 11. Kf1 h6 12. Nc3 a6 13. a4 Nc6 14. Bd2 d4 15.
Bxe6 dxc3 16. Bxc3 fxe6 17. Rxe6 Ne8 18. Rae1 Rd8 19. Nh4 Nc7 20. Rg6 Rf7 21. g4
Kh7 22. Rxd6 Rxd6 23. Nf5 Re6 24. Rxe6 Nxe6 25. Nd6 Rc7 26. Bd2 Ncd4 27. c3 Rd7
0-1

[Event "Challenge"]
[Site "http://www.queenalice.com/game.php?id=447149"]
[Date "2008.8.11"]
[Round "-"]
[White "leonard99"]
[Black "JCruz"]
[Result "0-1"]
[WhiteElo "1437"]
[BlackElo "2070"]

1. e4 d6 2. b3 Nf6 3. Bd3 Nc6 4. Nf3 Nb4 5. Qe2 e6 6. O-O Be7 7. Re1 O-O 8. c3
Nxd3 9. Qxd3 b6 10. Qe3 Bb7 11. d3 d5 12. Nd4 dxe4 13. dxe4 c5 14. Nb5 a6 15.
N5a3 Nxe4 16. Nc4 b5 17. Ne5 c4 18. bxc4 Bc5 19. Qe2 Bxf2+ 20. Kf1 Bxe1 21. Kxe1
Qc7 22. Bf4 g5 23. Ng6 gxf4 24. Nxf8 Kxf8 25. Qd3 Rd8 26. Qh3 Qc5 27. Qh4 Qg1+
28. Ke2 Qd1# 0-1

[Event "Challenge"]
[Site "http://www.queenalice.com/game.php?id=479946"]
[Date "2008.10.20"]
[Round "-"]
[White "Magico"]
[Black "JCruz"]
[Result "0-1"]
[WhiteElo "1639"]
[BlackElo "2072"]

1. d4 Nf6 2. c3 e6 3. Bg5 h6 4. Bxf6 Qxf6 5. Nh3 d5 6. e3 Bd6 7. Bb5+ c6 8. Bd3
O-O 9. Na3 Bxa3 10. bxa3 e5 11. a4 c5 12. a5 Bxh3 13. gxh3 cxd4 14. cxd4 exd4
15. exd4 Nc6 16. Bc2 Rae8+ 17. Kf1 Nxd4 18. Qd3 Nxc2 19. Qxc2 Qxa1+ 20. Kg2 Qe5
21. Qb1 Qg5+ 22. Kf1 Rc8 23. Rg1 Rc1+ 24. Qxc1 Qxc1+ 25. Kg2 Qg5+ 26. Kf1 Qh4
27. Kg2 Qe4+ 28. Kf1 Rc8 29. f3 Qxf3+ 0-1

[Event "pajabraba69"]
[Site "http://www.queenalice.com/game.php?id=501544"]
[Date "2008.12.2"]
[Round "2"]
[White "JCruz"]
[Black "dwright"]
[Result "1-0"]
[WhiteElo "2074"]
[BlackElo "2107"]

1. d4 d5 2. c4 Nf6 3. cxd5 Nxd5 4. Nf3 Bf5 5. Qb3 Nc6 6. Nbd2 Nb6 7. e4 Bd7 8.
d5 Nb8 9. Ne5 f6 10. Nxd7 N8xd7 11. Nc4 e5 12. Nxb6 Nxb6 13. Bb5+ Nd7 14. Bxd7+
1-0

[Event "Let's Play Chess!"]
[Site "http://www.queenalice.com/game.php?id=663912"]
[Date "2009.10.7"]
[Round "-"]
[White "JCruz"]
[Black "manzan"]
[Result "1-0"]
[WhiteElo "2066"]
[BlackElo "1788"]

1. d4 f5 2. c4 Nf6 3. Nc3 e6 4. Nf3 d5 5. cxd5 Nxd5 6. e3 Bb4 7. Bd2 c6 8. Be2
O-O 9. O-O Qe7 10. Nxd5 exd5 11. a3 Bxd2 12. Qxd2 Nd7 13. b4 Qd6 14. Bd3 Nf6 15.
Qc2 Ng4 16. h3 Nh6 17. Qc5 Qxc5 18. bxc5 Bd7 19. Ne5 Rad8 20. Rab1 Bc8 21. f4 g6
22. Be2 b6 23. cxb6 axb6 24. Nxc6 Rde8 25. Ne5 Re6 26. Bb5 Bb7 27. Rfc1 Bc8 28.
Bd7 Rxe5 29. dxe5 Bxd7 30. Rc7 Rd8 31. Rxb6 Kf8 32. e6 Ke7 33. Rxd7+ Ke8 34.
Rxd8+ Kxd8 35. Rb7 Ng8 36. Rb8+ Ke7 37. Rxg8 Kxe6 38. Rb8 1-0

[Event "Let's Play Chess!"]
[Site "http://www.queenalice.com/game.php?id=664322"]
[Date "2009.10.8"]
[Round "-"]
[White "mestre_leonardo"]
[Black "JCruz"]
[Result "1/2-1/2"]
[WhiteElo "1600"]
[BlackElo "2078"]

1. e4 e6 2. Nf3 d5 3. exd5 exd5 4. d4 Nf6 5. Bd3 Be7 6. O-O O-O 7. Qe2 Bg4 8. h3
Bxf3 9. Qxf3 c6 10. Qg3 Bd6 11. Bf4 Bxf4 12. Qxf4 Nbd7 13. Qg3 c5 14. dxc5 Nxc5
15. Na3 Nfe4 16. Bxe4 Nxe4 17. Qd3 Nf6 18. Rfe1 Qb6 19. b3 Rad8 20. Qf5 Ne4 21.
c4 Qf6 22. Qxf6 Nxf6 23. cxd5 Rxd5 24. Re7 Rd7 25. Rxd7 Nxd7 26. Rd1 Nc5 1/2-1/2

[Event "Challenge"]
[Site "http://www.queenalice.com/game.php?id=668834"]
[Date "2009.10.18"]
[Round "-"]
[White "QueenSarah"]
[Black "JCruz"]
[Result "0-1"]
[WhiteElo "1242"]
[BlackElo "2064"]

1. e4 e6 2. Be2 d5 3. exd5 exd5 4. d4 Nf6 5. c3 Be7 6. Qd3 O-O 7. Bf4 a6 8. Nd2
c5 9. dxc5 Bxc5 10. Nh3 Bxh3 11. gxh3 Re8 12. Nb3 Ba7 13. c4 Ng4 14. hxg4 Qh4
15. Bg3 Qxg4 16. f3 dxc4 17. Qd2 Qxf3 18. Rf1 Qd3 19. O-O-O Qxd2+ 20. Nxd2 Rxe2
21. Nxc4 Nc6 22. a3 b5 23. Nd6 Bd4 24. Rxf7 Bxb2+ 0-1

[Event "Let's Play Chess!"]
[Site "http://www.queenalice.com/game.php?id=707056"]
[Date "2010.1.2"]
[Round "-"]
[White "Taurus"]
[Black "JCruz"]
[Result "1/2-1/2"]
[WhiteElo "2078"]
[BlackElo "2071"]

1. e4 e6 2. d4 d5 3. e5 c5 4. c3 Nc6 5. Nf3 cxd4 6. cxd4 Nge7 7. Bg5 h6 8. Bh4
Qb6 9. Bxe7 Bxe7 10. Qd2 Bb4 11. Nc3 O-O 12. a3 Qa5 13. Rc1 Bxc3 14. Qxc3 Qxc3+
15. Rxc3 Bd7 16. Bd3 a6 17. Ke2 Rfc8 18. Rhc1 Ne7 19. Kd2 Rc6 20. b4 Rac8 21.
Rc5 Rxc5 22. bxc5 Bc6 23. Ke3 g6 24. h3 Kg7 25. g4 f5 26. Rg1 Rf8 27. g5 h5 28.
h4 Rb8 29. Rb1 Rf8 30. Kf4 Rf7 31. Bc2 Nc8 32. Ne1 b5 33. Bd3 Na7 34. a4 Rb7 35.
a5 Rb8 1/2-1/2

[Event "Challenge"]
[Site "http://www.queenalice.com/game.php?id=707071"]
[Date "2010.1.2"]
[Round "-"]
[White "JCruz"]
[Black "Taurus"]
[Result "1/2-1/2"]
[WhiteElo "2071"]
[BlackElo "2076"]

1. d4 d5 2. c4 Nf6 3. Nc3 Bf5 4. cxd5 Nxd5 5. Nxd5 Qxd5 6. Nf3 Nc6 7. e3 Rd8 8.
Be2 e6 9. O-O Bb4 10. a3 Ba5 11. b4 Bb6 12. Qa4 O-O 13. Bd2 Rfe8 14. Bb5 a6 15.
Bxc6 Qxc6 16. Qxc6 bxc6 17. Ne5 Be4 18. f3 Bd5 19. Rfc1 Rd6 20. Rc3 f6 21. Nc4
Bxc4 22. Rxc4 e5 23. Bc3 exd4 24. Bxd4 Bxd4 25. exd4 Re3 26. Rac1 Rxa3 27. Rxc6
Rxc6 28. Rxc6 Ra4 29. Rxc7 Rxb4 30. Ra7 Rxd4 31. Rxa6 1/2-1/2

[Event "Challenge"]
[Site "http://www.queenalice.com/game.php?id=741431"]
[Date "2010.3.5"]
[Round "-"]
[White "mestredosmagos"]
[Black "JCruz"]
[Result "0-1"]
[WhiteElo "1723"]
[BlackElo "2071"]

1. g3 e5 2. d3 d5 3. Bg2 Nf6 4. Nf3 Nc6 5. O-O Be7 6. Bg5 O-O 7. Bxf6 Bxf6 8.
Nc3 Be6 9. Nb1 e4 10. dxe4 dxe4 11. Ne1 Qxd1 12. Bxe4 Bxb2 13. Bxc6 bxc6 14. Nf3
Qxe2 15. Nbd2 Bxa1 16. Rxa1 Rad8 17. a3 Rxd2 18. Nxd2 Qxd2 19. Kg2 Bd5+ 20. Kg1
Qd4 21. Rf1 Qe4 22. f3 Qe2 23. Rf2 Re8 24. Rxe2 Rxe2 25. f4 Rxc2 26. a4 Rg2+ 27.
Kh1 Rxg3# 0-1

[Event "Challenge"]
[Site "http://www.queenalice.com/game.php?id=931134"]
[Date "2011.4.27"]
[Round "-"]
[White "GarethBale"]
[Black "JCruz"]
[Result "1/2-1/2"]
[WhiteElo "2012"]
[BlackElo "2075"]

1. c4 Nf6 2. g3 g6 3. Bg2 Bg7 4. Nc3 O-O 5. e4 e5 6. Nge2 Nc6 7. O-O d6 8. d3 b6
9. h3 Bd7 10. Be3 Qc8 11. Kh2 Nb4 12. d4 Nc6 13. d5 Na5 14. Qd3 c5 15. dxc6 Qxc6
16. b3 h6 17. Rfd1 Nb7 18. Qd2 Kh7 19. Rac1 Rfc8 20. f4 Be6 21. f5 Bd7 22. Nb5
Rd8 23. g4 Be8 24. Ng3 Ng8 25. g5 hxg5 26. Bxg5 Rd7 27. h4 f6 28. Be3 Nh6 29.
Bh3 Rdd8 30. Rg1 Nc5 31. fxg6+ Bxg6 32. h5 Bxe4 33. Nxe4 Qxe4 34. Rxg7+ Kxg7 35.
Bxh6+ Kh7 36. Rf1 Qh4 37. Nc7 Rg8 38. Rf3 Rad8 39. Nd5 Ne4 40. Qe3 Rg4 41. Bf4
f5 42. Bg3 Nxg3 43. Rxg3 Rdg8 44. Nf6+ Qxf6 45. Bxg4 fxg4 46. Qe4+ Kh6 47. Rxg4
Rxg4 48. Qxg4 Qf7 49. Kg3 Qxh5 50. Qd7 Qg5+ 51. Kf3 Qf4+ 52. Ke2 Qe4+ 53. Kd2
Qd4+ 54. Ke2 a5 55. Qe6+ Kg5 56. Qe7+ Kg4 57. Qg7+ Kf5 58. Qf7+ Kg5 59. Qg7+ Kf5
60. Qf7+ Kg5 61. Qg7+ Kf5 62. Qf7+ Kg5 1/2-1/2

[Event "Challenge"]
[Site "http://www.queenalice.com/game.php?id=931135"]
[Date "2011.4.27"]
[Round "-"]
[White "JCruz"]
[Black "GarethBale"]
[Result "1/2-1/2"]
[WhiteElo "2072"]
[BlackElo "2007"]

1. d4 d5 2. c4 e6 3. Nc3 c5 4. cxd5 cxd4 5. Qxd4 Nc6 6. Qd1 exd5 7. Qxd5 Bd7 8.
Nf3 Nf6 9. Qd1 Bc5 10. e3 Qe7 11. a3 O-O-O 12. Qc2 Kb8 13. Bd2 Rc8 14. Be2 Ne5
15. O-O g5 16. Nxg5 Rhg8 17. Nf3 Bc6 18. Qf5 Rxg2+ 19. Kxg2 Rg8+ 20. Kh1 Nxf3
21. Bxf3 Qe6 22. Qf4+ Bd6 23. e4 Bxf4 24. Bxf4+ Ka8 25. Rg1 Re8 26. Rge1 Qb3 27.
Re3 Qxb2 28. Ra2 Qc1+ 29. Kg2 h5 30. Bg3 Rg8 31. Ne2 Qc4 32. Rd2 h4 33. Red3 Nd7
34. Rxd7 Bxd7 35. Rxd7 hxg3 36. fxg3 Qe6 37. Rd3 Rc8 38. h4 a5 39. Rd5 b6 40.
Nd4 Qe7 41. e5 Kb8 42. Rd6 Qxe5 43. Nc6+ Rxc6 44. Rxc6 b5 45. Rc2 b4 46. axb4
axb4 47. Re2 Qc3 48. Re8+ Kc7 49. Re2 b3 50. Be4 Kd6 51. Rf2 f6 52. g4 b2 53.
Bf5 Ke5 54. Rf1 Qc1 55. h5 Qd2+ 56. Kf3 Qf4+ 57. Kg2 Qd2+ 58. Kf3 Qc1 59. Kg2
Qc6+ 60. Kh2 Qc4 61. Kg2 Qd4 62. Re1+ Kf4 63. Rf1+ Kg5 64. Rb1 Qd2+ 65. Kf3 Qc1
66. Kg3 Qe3+ 67. Kg2 Qc3 68. Kh2 Kh4 69. Kg2 Qg3+ 70. Kf1 Qh2 71. Rd1 Qg3 72.
Rb1 Qe3 73. h6 Qxh6 74. Kg2 Qc1 75. Kf3 Qc3+ 76. Ke4 Kg3 77. Kd5 Kf2 78. Ke6
Qe5+ 79. Kd7 Ke2 80. Kc6 Kd2 81. Kd7 Kc3 82. Kc6 Kb3 83. Kd7 Ka2 84. Rd1 Qb5+
85. Kd8 Qc4 86. Bb1+ Ka3 87. Bf5 Kb4 88. Rb1 Kc5 89. Ke7 Qd4 90. Ke6 Qd6+ 91.
Kf7 Qd4 92. Ke6 Kb4 93. Kf7 Ka3 94. Re1 Qc3 95. Re7 Qd4 96. Re1 Qc4+ 97. Kg6 Qc1
98. Re6 Qg5+ 99. Kf7 Kb4 100. Re8 Kc3 101. Rc8+ Kd4 102. Rb8 Kc3 103. Rc8+ Kd4
104. Rb8 Kc3 105. Rc8+ 1/2-1/2

[Event "Challenge"]
[Site "http://www.queenalice.com/game.php?id=1106289"]
[Date "2012.9.25"]
[Round "-"]
[White "JCruz"]
[Black "leoskye"]
[Result "1-0"]
[WhiteElo "2069"]
[BlackElo "2036"]

1. d4 Nf6 2. c4 c5 3. d5 e6 4. dxe6 fxe6 5. Nc3 a6 6. e4 d6 7. Nf3 Nc6 8. Bd3
Qc7 9. O-O g6 10. Re1 Bg7 11. Bg5 O-O 12. Qd2 Nb4 13. Bb1 Ng4 14. h3 Ne5 15.
Nxe5 Bxe5 16. f4 Bd4+ 17. Kh1 Nc6 18. Ne2 Bg7 19. a3 Bd7 20. Rf1 Nd4 21. Nxd4
Bxd4 22. Bd3 b5 23. Rab1 Bc6 24. Qe2 Rab8 25. b3 Kg7 26. Qg4 bxc4 27. bxc4 Rxb1
28. Rxb1 h5 29. Qe2 Bd7 30. Qc2 Bf6 31. Bxf6+ Kxf6 32. Qb2+ Kf7 33. Qb6 Qxb6 34.
Rxb6 Ke7 35. e5 dxe5 36. fxe5 g5 37. Rxa6 g4 38. hxg4 hxg4 39. Kh2 Rf4 40. Rb6
Rd4 41. Rb3 Ba4 42. Rc3 Bd1 43. Kg3 Kf7 44. Kf2 Kg7 45. g3 Kh6 46. Ke3 Kg5 47.
Rc1 Bf3 48. a4 Bc6 49. a5 Rd8 50. Rb1 Rf8 51. Be4 Ba8 52. Rb6 Bxe4 53. Kxe4 Rd8
54. Rd6 Ra8 55. a6 Re8 56. Rc6 Rd8 57. Rxc5 Rd1 58. Ra5 Re1+ 59. Kd4 Rd1+ 60.
Kc5 Rd8 61. a7 Ra8 62. Kc6 Kf5 63. Kb7 1-0